00357nam a22001337a 4500003000400000008004100004020001800045082001800063100002500081245004600106260003800152300001300190700002000203OSt240827b |||||||| |||| 00| 0 eng d a9788124607527 a294.5921bEXE aSINGH, Bal Ram (Ed.) aExploring Science in Ancient Indian Texts aNew Delhi:bDK Print Word,c2014. avi,344p. aSINGH, Bal Ram